Año christiano, o exercicios devotos para todos los domingos, días de quaresma, y fiestas movibles del año (Record no. 8686)

MARC details
000 -CABECERA
campo de control de longitud fija 01205nam a2200229 a 4500
001 - NÚMERO DE CONTROL
campo de control BRCA_9036
005 - FECHA Y HORA DE LA ÚLTIMA TRANSACCIÓN
campo de control 20190320210513.0
008 - DATOS DE LONGITUD FIJA--INFORMACIÓN GENERAL
campo de control de longitud fija 160817s1778----sp-#######---#000-0#spa-#
041 ## - CÓDIGO DE LENGUA
Código de lengua del texto/banda sonora o título independiente spa
044 ## - CÓDIGO DEL PAÍS DE LA ENTIDAD EDITORA/PRODUCTORA
Código MARC del país sp
084 ## - OTRO NÚMERO DE CLASIFICACIÓN
Número de clasificación BE108
Número de documento/Ítem .C37 1778
100 1# - ENTRADA PRINCIPAL--NOMBRE DE PERSONA
Nombre de persona Castellot, Joaquin
Término indicativo de función/relación tr.
9 (RLIN) 22406
245 10 - MENCIÓN DE TÍTULO
Título Año christiano, o exercicios devotos para todos los domingos, días de quaresma, y fiestas movibles del año
Resto del título contiene la historia, o explicación de quanto hay más particular è instructivo en tales días: algunas Reflexiones sobre la Epístola,; una Metidacion después del Evangelio de la Misa, con algunos Exercicios practicos, ó Propósitos adaptables á todo género de personas
Mención de responsabilidad, etc. traducido fielmente del francés al castellano por el doctor D. Joaquin Castellot...
260 ## - PUBLICACIÓN, DISTRIBUCIÓN, ETC.
Lugar de publicación, distribución, etc. Madrid
Nombre del editor, distribuidor, etc. En la Imprenta de D. Antonio de Sancha, en la Aduana Vieja
Fecha de publicación, distribución, etc. 1778
300 ## - DESCRIPCIÓN FÍSICA
Extensión 484 p. (t.4)
Dimensiones 21 x 16 cm
500 ## - NOTA GENERAL
Nota general Con las licencias necesarias
500 ## - NOTA GENERAL
Nota general Estado físico: presenta encuadernación en pergamino con cintas rotas
505 0# - NOTA DE CONTENIDO CON FORMATO
Nota de contenido con formato Contenido: t.4. Desde el domingo de resurrección hasta la Octava del Corpus
650 14 - PUNTO DE ACCESO ADICIONAL DE MATERIA--TÉRMINO DE MATERIA
Término de materia o nombre geográfico como elemento de entrada Iglesia católica
9 (RLIN) 15525
902 ## - CATALOGADOR
Iniciales CFM
942 ## - ELEMENTOS DE PUNTO DE ACCESO ADICIONAL (KOHA)
Fuente del sistema de clasificación o colocación Library of Congress Classification
Tipo de ítem Koha Libros
Holdings
Estado de retiro Estado de pérdida Estado dañado No para préstamo Localización permanente Ubicación/localización actual Fecha de adquisición Total de préstamos Signatura topográfica completa Código de barras Fecha visto por última vez Precio válido a partir de Tipo de ítem Koha
El ejemplar forma parte de la colección y puede ser consultado según las políticas vigentes.       Biblioteca del Museo Franz Mayer (Rogerio Casas-Alatriste) Biblioteca del Museo Franz Mayer (Rogerio Casas-Alatriste) 16/08/2017   BE108 .C37 1778 CFM00358 22/03/2019 22/03/2019 Libros